书目信息 |
| 题名: |
工程光度学与辐射度学
|
|
| 作者: | 斯廷森 著 ;刁永言 译 | |
| 分册: | ||
| 出版信息: | 北京 科学出版社 1987.4 |
|
| 页数: | 497页 | |
| 开本: | 20cm | |
| 丛书名: | ||
| 单 册: | ||
| 中图分类: | TB96 | |
| 科图分类: | ||
| 主题词: | 光学--计量 | |
| 电子资源: | ||
| ISBN: | ||
| 000 | 00580nam0 2200193 45 | |
| 001 | 0312221749 | |
| 005 | 20060421100115.32 | |
| 010 | @dCNY3.75 | |
| 100 | @a20031222d1987 km y0chiy0120 ea | |
| 101 | @achi | |
| 200 | 1 | @a工程光度学与辐射度学@AGong Cheng Guang Du Xue Yu Fu She Du Xue@f(美)A·斯廷森著@F(mei)A·si ting sen zhu@g刁永言等译 |
| 210 | @a北京@c科学出版社@d1987.4 | |
| 215 | @a497页@d20cm | |
| 606 | 0 | @a光学@x计量 |
| 690 | @aTB96@v3 | |
| 701 | 0 | @a斯廷森@Asi ting sen@4著 |
| 702 | 0 | @a刁永言@4译 |
| 801 | @aCN@bTSTCL@c20060421 | |
| 905 | @a213230@dTB96@e10@b216999-000@f2 | |
| 工程光度学与辐射度学/(美)A·斯廷森著/刁永言等译.-北京:科学出版社,1987.4 |
| 497页;20cm |
| ISBN :CNY3.75 |
| ● |
| 相关链接 |
|
|
|
|
正题名:工程光度学与辐射度学
索取号:TB96/10
 
预约/预借
| 序号 | 登录号 | 条形码 | 馆藏地/架位号 | 状态 | 备注 |
| 1 | 0216998 | 202245472 | 密集书库/ [索取号:TB96/10] | 在馆 | |
| 2 | 0216999 | 001361528 | 第三借阅区/ [索取号:TB96/10] | 在馆 | |
| 3 | 0217000 | 001361564 | 第二样本阅览室/ [索取号:TB96/10] | 在馆 |